| 000 | 00415nam a22001217a 4500 | ||
|---|---|---|---|
| 020 | _a9781108470261 | ||
| 082 |
_a621.3 _bSUR |
||
| 245 |
_aSurface electromagnetics : _bwith applications in antenna, microwave, and optical engineering / _cEdited by Fan Yang and Yahya Rahmat-Samii |
||
| 260 |
_aUnited Kingdom : _bCambridge University Press, _c2019. |
||
| 300 |
_a468 p. ; _c24 cm. |
||
| 563 | _aHB. | ||
| 942 |
_2ddc _cBK |
||
| 999 |
_c594895 _d594895 |
||